| 000 | 01614nam0a2200301 4500 | ||
|---|---|---|---|
| 001 | RU\NLR\bibl\579034 | ||
| 005 | 20250610135123.0 | ||
| 021 |
_aRU _b2004-64105 _93164 |
||
| 035 | _a(NLR Aleph) 000571050 | ||
| 090 |
_a1592752 _c1592752 |
||
| 100 | _a20041201d2004 |||y0rusy50 ca | ||
| 101 | 0 | _arus | |
| 102 | _aRU | ||
| 105 | _ay ||||||||| | ||
| 200 | 1 |
_aУголовная ответственность за кражу, грабеж и разбой _eЛекция _fП.С. Яни _gИн-т повышения квалификации руководящих кадров Генер. прокуратуры Рос. Федерации |
|
| 210 |
_aМ. _cИПК РК Генер. прокуратуры РФ _d2004 |
||
| 215 |
_a38, [1] с. _d21 |
||
| 225 | 1 | _aБиблиотека прокурора | |
| 320 | _aБиблиогр. в конце кн. | ||
| 606 | 0 |
_aПреступления против собственности _jРуководства, пособия и т.п. _xУголовная ответственность _yРоссийская Федерация _92141393 _3RU\NLR\auth\661290626 |
|
| 606 | 0 |
_aПреступления против собственности _jУчебные издания для высших учебных заведений _xУголовная ответственность _yРоссийская Федерация _92141393 _3RU\NLR\auth\661290626 |
|
| 686 | _aХ628.111.5я73 | ||
| 700 | 1 |
_aЯни _bП. С. _gПавел Сергеевич _4070 |
|
| 801 | 0 |
_aRU _bNLR _c20041201 _gPSBO |
|
| 801 | 1 |
_aRU _bNLR _c20041201 |
|
| 942 | _cBOOK | ||
| 980 | _aNB | ||